Ligue 1: 150+ Goal Contributions (2000-) - Statistics

General Stats
  • This quiz has been taken 26 times
  • The average score is 7 of 9
Answer Stats
Ranking Player Positions Nationality Matches Goals (assists) Periods Clubs % Correct
6 Edinson Cavani MF, FW 200 138 (24) 2013-2020
95%
1 Kylian Mbappé MF, FW 246 191 (64) 2015-2024
95%
4 Alexandre Lacazette FW 297 161 (30) 2009-2016, 2022-2025
91%
9 Zlatan Ibrahimović FW 122 113 (37) 2012-2016
91%
7 Pauleta FW 264 141 (21) 2000-2008
77%
3 Wissam Ben Yedder MF, FW 320 161 (42) 2010-2015, 2019-2024
68%
2 Dimitri Payet MF, FW 492 103 (115) 2005-2014, 2016-2023
64%
8 Bafétimbi Gomis FW 340 121 (29) 2004-2013, 2016-2017
50%
5 Jimmy Briand MF, FW 483 102 (61) 2002-2013, 2015-2022
27%
No matching quizzes found
Score Distribution
Percent of People with Each Score
Percentile by Number Answered
Your Score History
You have not taken this quiz